000 00633nam a2200169 4500
001 139267
003 ES-MaACL
005 20230906195737.0
007 t|
008 070214s1925 pl r ||||1| fre d
245 0 3 _aLa science polonaise
_b: ses besoins, son organisation et ses progrès : resume français des articles... vol. V.
260 _aVarsovie :
_b[s. n.],
_c1925.
300 _a30 p. ;
_c25 x 17 cm.
500 _aAnnuaire de la `Caisse J. Mianowski`, Institut d'Encouragement aux Tarvaux Scientifiques.
710 2 _aInstitut d'Encouragement aux Tarvaux Scientifiques.
_94741
852 _aES-MaACL
_j1686-F-14
_bR.5123
999 _c139267
_d139267